Jom! selamatkan orang utan

Bibliographic Details
Main Author: Soraya Nita
Format: Book
Published: Kuala Lumpur : E1 publication Sdn. Bhd , 2016
Series:Siri hargai alam sekitar
Subjects:

MARC

LEADER 00000cam a2200000 7i4500
001 0000069338
005 20220105103902.0
008 170118
020 |a 9789670787121(SET) 
020 |a 9789670787183 
090 0 0 |a JP   |b MOR MAL 
100 1 |a Soraya Nita 
245 1 0 |a Jom! selamatkan orang utan   |c Soraya Nita 
260 |a Kuala Lumpur :   |b E1 publication Sdn. Bhd ,   |c 2016 
300 |a 24pg. :   |b ill. 
490 1 |a Siri hargai alam sekitar 
500 |a Children age 4-6 years old (yellow) 
650 0 |a Children stories, Malay 
650 0 |a Moral 
999 |a 0001426369   |b Book   |c Children Collection   |e Cawangan Taman Universiti 
999 |a 0001426370   |b Book   |c Children Collection   |e Cawangan Mersing 
999 |a 0001426371   |b Book   |c Children Collection   |e Cawangan Bandar Tenggara 
999 |a 0001426372   |b Book   |c Children Collection   |e Cawangan Tmn. Ungku Tun Aminah 
999 |a 0001426373   |b Book   |c Children Collection   |e Cawangan Tangkak 
999 |a 0001426374   |b Book   |c Children Collection   |e Cawangan Segamat 
999 |a 0001426375   |b Book   |c Children Collection   |e Cawangan Kota Tinggi 
999 |a 0001426376   |b Book   |c Children Collection   |e Cawangan Sri Merlong 
999 |a 0001426377   |b Book   |c Children Collection   |e Cawangan Taman Sri Lambak 
999 |a 0001426378   |b Book   |c Children Collection   |e Cawangan Bukit Gambir 
999 |a 0001426379   |b Book   |c Children Collection   |e Cawangan Batu Pahat 
999 |a 0001426380   |b Book   |c Children Collection   |e Cawangan Bandar Penawar 
999 |a 0001426381   |b Book   |c Children Collection   |e Cawangan Pontian 
999 |a 0001426382   |b Book   |c Children Collection   |e Cawangan Muar 
999 |a 0001428677   |b Book   |c Children Collection   |e Perbadanan Perpustakaan Awam Johor 
999 |a 0001428678   |b Book   |c Children Collection   |e Perbadanan Perpustakaan Awam Johor 
999 |a 0001428679   |b Book   |c Children Collection   |e Cawangan Urban Transformation Centre